Sharjah Art Foundation Library

Allan Sekula: Photography at Work/ (Record no. 6530)

MARC details
000 -LEADER
fixed length control field 00540nam a2200157Ia 4500
001 - CONTROL NUMBER
control field 6530
008 - FIXED-LENGTH DATA ELEMENTS--GENERAL INFORMATION
fixed length control field 260427s9999 xx 000 0 und d
245 #0 - TITLE STATEMENT
Title Allan Sekula: Photography at Work/
Statement of responsibility, etc. Text: Marie Muracciole
260 ## - PUBLICATION, DISTRIBUTION, ETC.
Name of publisher, distributor, etc. Beirut Art Center;
Date of publication, distribution, etc. 2017
300 ## - PHYSICAL DESCRIPTION
Extent 40p;
Dimensions 30x22cm
Accompanying material 20 page insert
520 ## - SUMMARY, ETC.
Summary, etc. Exhibition catalog. 28 June- 29 September 2017 @ Beirut Art Center. Curator and Editor: Marie Muracciole.
546 ## - LANGUAGE NOTE
Language note English; Arabic
650 ## - SUBJECT ADDED ENTRY--TOPICAL TERM
Topical term or geographic name entry element TR624-835 Technology- Applied Photography
651 ## - SUBJECT ADDED ENTRY--GEOGRAPHIC NAME
Geographic name USA
942 ## - ADDED ENTRY ELEMENTS (KOHA)
Koha item type Book
Holdings
Withdrawn status Lost status Damaged status Not for loan Collection Home library Current library Date acquired Total Checkouts Full call number Barcode Date last seen Price effective from Koha item type
        Technology- Photography, Cinematography, Electronic Media SAF Reference Library SAF Reference Library 04/27/2026   TR624-835 218.45 6530 04/27/2026 04/27/2026 Book

Copyright © 2022. Sharjah Art Foundation. All Rights Reserved.